| 000 | 00432 a2200181 4500 | ||
|---|---|---|---|
| 003 | OSt | ||
| 005 | 20180116182727.0 | ||
| 008 | 160428b xxu||||| |||| 00| 0 eng d | ||
| 020 | _a139780070620193 | ||
| 040 | _c0 | ||
| 100 | _aCooper, Donald .R. | ||
| 110 | _aCooper, Donald .R | ||
| 245 | _aBunisess Research Methods. | ||
| 250 | _a9th | ||
| 260 |
_aNew Delhi _c2008 |
||
| 300 | _a757 | ||
| 942 |
_aNBS _cBK _k658.0072 COO _2ddc |
||
| 999 |
_c344917 _d344917 |
||